|
|
|
|
| LEADER |
00000cam a22000005a 4500 |
| 001 |
vtls009879204 |
| 003 |
SK-MaSNL |
| 005 |
20260301171854.0 |
| 008 |
090726s2005 xo f u 000 0 slo |
| 035 |
|
|
|a (SVKBBclas03)vtls000223800
|
| 040 |
|
|
|a SNK
|b slo
|c SNK
|e AACR2
|
| 041 |
0 |
|
|a slo
|
| 044 |
|
|
|a xo
|c SK
|
| 046 |
|
|
|a m
|m 200508 (účin.)
|n 20111101 (zruš.)
|
| 072 |
|
7 |
|a 621
|x Strojárstvo
|2 konspekt
|
| 080 |
|
|
|a 621.868.2
|2 2001
|
| 080 |
|
|
|a 006.88
|2 2001
|
| 080 |
|
|
|a (437.6)
|2 2001
|
| 080 |
|
|
|a (083.744)
|2 2001
|
| 084 |
|
|
|a 53.060
|2 ICS
|
| 245 |
0 |
0 |
|a STN 26 8805/O1: 2005 [neplatná], Motorové vozíky. Základné požiadavky. Požiadavky na kvalifikáciu. Oprava 1
|
| 246 |
1 |
0 |
|a Motorové vozíky
|
| 246 |
1 |
0 |
|a Základné požiadavky
|
| 246 |
1 |
0 |
|a Požiadavky na kvalifikáciu
|
| 260 |
|
|
|a Bratislava
|b Slovenský ústav technickej normalizácie
|c 2005
|
| 300 |
|
|
|a 2 s.
|c 30 cm
|
| 500 |
|
|
|a [Norma je nahradená normou STN 26 8805 z novembra 2011]
|
| 540 |
|
|
|a STN vydané na akomkoľvek nosiči sa môžu rozmnožovať a rozširovať iba so súhlasom určenej právnickej osoby
|b SÚTN Bratislava
|c zákon 264/1999 Z. z.
|
| 650 |
0 |
7 |
|a motorové vozíky
|2 SVKBBPH
|9 105313
|
| 650 |
0 |
7 |
|a obsluha motorových vozíkov
|2 SVKBBPH
|9 540395
|
| 650 |
0 |
7 |
|a technické normy a štandardy
|z Slovensko
|2 SNKPH
|9 79594
|
| 655 |
|
7 |
|a normy
|2 SNKPH
|9 70643
|
| 852 |
|
|
|a Štátna vedecká knižnica v Banskej Bystrici
|
| 999 |
|
|
|c 831745
|d 833675
|
| 952 |
|
|
|a SNK
|b SNK
|y PREZ
|7 0
|p 17A0522171
|o snkSTN 26 8805/O1
|i snk2006/19147
|8 0
|0 0
|1 0
|4 0
|d 2006-09-28
|l 0
|r 2026-02-24 03:41:20
|w 2026-02-24
|
| 952 |
|
|
|a SNK
|b SNK
|y PREZ
|7 0
|p 17A0522172
|o snkSTN 26 8805/O1 D1
|i snk2006/19148
|8 0
|0 0
|1 0
|4 0
|d 2006-09-28
|l 0
|r 2026-02-24 03:41:20
|w 2026-02-24
|